"Blakitna karta" Jevropejskogo Sojuzu: mižnarodni, ekonomični ta pravovi aspekti

Salvato in:
Dettagli Bibliografici
Autore principale: Rusiňák, Peter
Natura: Capitolo di libro
Lingua:ucraino
Soggetti:
Tags: Aggiungi Tag
Nessun Tag, puoi essere il primo ad aggiungerne!!

MARC

LEADER 00000naa$a2200000$$$4500
001 0103404
005 20240502083246.8
041 0 |a ukr 
044 |a UA 
245 1 0 |a "Blakitna karta" Jevropejskogo Sojuzu: mižnarodni, ekonomični ta pravovi aspekti  |c Peter Rusiňák 
610 2 0 |a právo štátne 
610 2 0 |a právo medzinárodné 
610 2 0 |a legislatíva 
610 2 0 |a normy 
610 2 0 |a spolupráca medzinárodná 
610 2 0 |a Európska únia 
610 2 0 |a harmonizácia 
100 1 |a Rusiňák, Peter